Ako robiť kvalitnú a vysokoúčinnú reklamu. 1. Reklamné rozhodnutia.

Fázy reklamného postupu: plánovacia, realizačná a kontrolná. Charakteristika plánovacej fázy: plánovania reklamného objektu, štyroch možností určenia kvalitatívnej váhy jednotlivých výrobkov, či objektov v reklame.

Saved in:
Bibliographic Details
Main Author: Lochner, G.
Format: Book Chapter
Language:Slovak
Subjects:
Tags: Add Tag
No Tags, Be the first to tag this record!

MARC

LEADER 00000naa a2200000 4500
001 r008194
005 20220831085106.1
041 0 |a slo 
044 |a [CS] 
245 1 0 |a Ako robiť kvalitnú a vysokoúčinnú reklamu. 1.  |b Reklamné rozhodnutia.  |c G. Lochner 
520 |a Fázy reklamného postupu: plánovacia, realizačná a kontrolná. Charakteristika plánovacej fázy: plánovania reklamného objektu, štyroch možností určenia kvalitatívnej váhy jednotlivých výrobkov, či objektov v reklame. 
610 2 0 |a reklama 
610 2 0 |a plánovanie 
610 2 0 |a propagácia 
610 2 0 |a tvorba reklamy 
610 2 0 |a objekty reklamy 
610 2 0 |a kvalita výrobkov 
100 1 |a Lochner, G.